ბათუმის შოთა რუსთაველის სახელმწიფო უნივერსიტეტის ბიბლიოთეკა

მოთხრობები / (ბიბ.ჩანაწერი № 40131)

000 -ლიდერი
ფიქსირებული სიგრძის საკონტროლო ველი 00764nam a2200205Ia 4500
001 - საკონტროლო ნომერი
საკონტროლო ველი 6737
003 - საკონტროლო ნომრის იდენტიფიკატორი
საკონტროლო ველი GE_BSU
005 - ბოლო ოპერაციის თარიღი და დრო
საკონტროლო ველი 20191227110142.0
008 - ფიქსირებული სიგრძის მონაცემთა ელემენტები - ზოგადი ინფორმაცია
ფიქსირებული სიგრძის საკონტროლო ველი 181216s1951||||g |||||||||||||| ||ge ||
040 ## - კატალოგიზაციის წყარო
Transcribing agency GE_BSU
041 ## - ენის კოდი
Language code of text/sound track or separate title geo
080 ## - უნივერსალური ათობითი კლასიფიკაციის ინდექსი
Universal Decimal Classification number 821.353.1-32 გ-45
100 ## - მთავარი ჩანაწერი - პიროვნების სახელი
Personal name გვეტაძე, რაჟდენ.
9 (RLIN) 5973
245 ## - ცნობა სათაურის შესახებ
Title მოთხრობები /
Statement of responsibility, etc რაჟდენ გვეტაძე ; რედ. ო. ეგაძე.
264 ## - წარმოების, გამოცემის, დისტრიბუციის და სხვა ცნობები
გამოცემის, წარმოების, დისტრიბუციის... ადგილი თბილისი :
გამოცემის, წარმოების, დისტრიბუციის... სახელწოდება სახელმწიფო გამომცემლობა,
გამოცემის, წარმოების, დისტრიბუციის... თარიღი 1951.
300 ## - ფიზიკური აღწერა
Extent 413 გვ.:
Other physical details ფოტო ;
Dimensions 20 სმ.
653 ## - INDEX TERM--UNCONTROLLED
Uncontrolled term მოთხრობები
700 ## - ADDED ENTRY--PERSONAL NAME
Personal name ეგაძე, ო.
Relator term რედაქტორი
9 (RLIN) 5980
942 ## - ADDED ENTRY ELEMENTS (KOHA)
Koha item type წიგნი
Source of classification or shelving scheme
ეგზემპლარები
ჩამოწერის სტატუსი დაკარგული ეგზემპლარის სტატუსი კლასიფიკაციის წყარო ან თაროზე გაწყობის სქემა დაზიანების სტატუსი არ გაიცემა მუდმივი მდებარეობა (დაცვის ადგილი) ამჟამინდელი ადგილსამყოფელი თაროზე განთავსების ადგილი შეძენის თარიღი ღირებულება, შესყიდვის ნორმალური ფასი სრული შენახვის შიფრი შტრიხკოდი ბოლო ოპერაციის თარიღი ეგზემპლარის მიმდევრობითი ნომერი (კეტერი?) ფასის ძალაში შესვლის თარიღი ეგზემპლარის სახეობა საჯარო შენიშვნა
          ბათუმის შოთა რუსთაველის სახელმწიფო უნივერსიტეტის მთავარი ბიბლიოთეკა ბათუმის შოთა რუსთაველის სახელმწიფო უნივერსიტეტის მთავარი ბიბლიოთეკა წიგნსაცავი 2018-12-17 33.00 821.353.1-32 გ-45 14581 2018-12-17 14581 2018-12-17 წიგნი 33.00 ლ.
          ბათუმის შოთა რუსთაველის სახელმწიფო უნივერსიტეტის მთავარი ბიბლიოთეკა ბათუმის შოთა რუსთაველის სახელმწიფო უნივერსიტეტის მთავარი ბიბლიოთეკა წიგნსაცავი 2018-12-17 33.00 821.353.1-32 გ-45 14582 2018-12-17 14582 2018-12-17 წიგნი 33.00 ლ.
          ბათუმის შოთა რუსთაველის სახელმწიფო უნივერსიტეტის მთავარი ბიბლიოთეკა ბათუმის შოთა რუსთაველის სახელმწიფო უნივერსიტეტის მთავარი ბიბლიოთეკა წიგნსაცავი 2019-12-27 33.00 821.353.1-32 გ-45 14583 2019-12-27 14583 2019-12-27 წიგნი 33.00 ლ.